000 00723nam a22002177a 4500
003 OSt
005 20150120153925.0
008 150120b xxu||||| |||| 00| 0 eng d
020 _a1853153435
022 _a00071420
040 _cDNLM
082 _aWC 680 T74t 1998
245 _aTropical medicine:/
_cEdited byDavid A Warrel.
_bachievements and prospects /
260 _aScotland :
_bRoyal Society of medicine press ;
_c1998
300 _aiv, 254 p :
_bill ;
_c27 cm
440 _aBritish medical bulletin
_n2
_pA series of Expert reviews
_v 54
_x00071420
_92562
504 _aIncludes bibliographical references and index,
650 _aTropical medicine
_92563
700 _4Editor
_aWarrel David A
_92564
942 _2z
_cSLOAN
999 _c953
_d953